[Event "Magistrale 6th"]
[Site "Bassano del Grappa"]
[Date "2006.12.26"]
[Round "1.11"]
[White "Pasquali, Andrea"]
[Black "Valsecchi, Alessio"]
[Result "0-1"]
[WhiteElo "1915"]
[BlackElo "2030"]
[PlyCount "78"]
[EventDate "2006.12.26"]
[EventType "swiss"]
[EventRounds "7"]
[EventCountry "ITA"]
[SourceTitle "EXT 2023"]
[Source "ChessBase"]
[SourceDate "2022.10.05"]
[SourceVersion "1"]
[SourceVersionDate "2022.10.05"]
[SourceQuality "1"]

1. b4 a5 2. b5 Nf6 3. c4 e6 4. e3 d5 5. Nc3 Be7 6. Nf3 0-0 7. Qc2 c6 8. d4 dxc4 9. Bxc4 cxb5 10. Nxb5 Bd7 11. 0-0 Na6 12. Ba3 Nb4 13. Bxb4 axb4 14. Ne5 Bc6 15. Rfb1 Ra5 16. Qe2 Nd5 17. Rb3 Qb6 18. a4 Rfa8 19. Bxd5 Bxd5 20. Rbb1 Rxa4 21. Rxa4 Rxa4 22. Qd3 f6 23. Nc3 Ra3 24. Nxd5 exd5 25. Nd7 Qc6 26. Qf5 Rc3 27. g3 g6 28. Qh3 b3 29. Nb8 Qc8 30. Nd7 Rc1+ 31. Rxc1 Qxc1+ 32. Kg2 f5 33. Ne5 Qc2 34. g4 b2 35. Qg3 b1Q 36. g5 Qe4+ 37. f3 Qec2+ 38. Kh3 Qf1+ 39. Kh4 Qcf2 0-1

[Event "Pedavena op-A 2nd"]
[Site "Pedavena"]
[Date "2006.08.04"]
[Round "5"]
[White "Dussin, Davide"]
[Black "Pasquali, Andrea"]
[Result "1/2-1/2"]
[WhiteElo "1823"]
[BlackElo "1642"]
[PlyCount "102"]
[EventDate "2006.08.01"]
[EventType "swiss"]
[EventRounds "7"]
[EventCountry "ITA"]
[SourceTitle "EXT 2023"]
[Source "ChessBase"]
[SourceDate "2022.10.05"]
[SourceVersion "1"]
[SourceVersionDate "2022.10.05"]
[SourceQuality "1"]

1. d4 Nf6 2. c4 c5 3. Nf3 g6 4. Nc3 cxd4 5. Nxd4 Bg7 6. e4 d6 7. Be2 0-0 8. 0-0 a6 9. f4 e5 10. Nf3 Qb6+ 11. Kh1 Ng4 12. Qe1 Be6 13. Bd3 Nd7 14. h3 Ngf6 15. Nd5 Bxd5 16. cxd5 Nc5 17. Qe2 exf4 18. Bxf4 Rfe8 19. Qd2 Nxd3 20. Qxd3 Nxe4 21. Kh2 Nc5 22. Qd2 Qxb2 23. Bxd6 Qxd2 24. Nxd2 Bxa1 25. Rxa1 Ne4 26. Nxe4 Rxe4 27. Bc7 Rc8 28. Rc1 Re7 29. d6 Rd7 30. Rb1 Rcxc7 31. dxc7 Rxc7 32. Rb6 Kf8 33. Kg3 Ke8 34. Kf4 Rc2 35. g4 Rxa2 36. Rxb7 a5 37. Kg5 h5 38. gxh5 gxh5 39. Kxh5 Ra1 40. Ra7 a4 41. Kg4 a3 42. Kg3 a2 43. Kg2 Kd8 44. h4 f5 45. h5 f4 46. h6 f3+ 47. Kf2 Rh1 48. h7 Rxh7 49. Ra8+ Ke7 50. Kxf3 Rh3+ 51. Kg2 a1R 1/2-1/2

[Event "Pedavena op-A 2nd"]
[Site "Pedavena"]
[Date "2006.08.01"]
[Round "1"]
[White "Tomio, Dante"]
[Black "Pasquali, Andrea"]
[Result "1/2-1/2"]
[WhiteElo "1969"]
[BlackElo "1642"]
[PlyCount "78"]
[EventDate "2006.08.01"]
[EventType "swiss"]
[EventRounds "7"]
[EventCountry "ITA"]
[SourceTitle "EXT 2023"]
[Source "ChessBase"]
[SourceDate "2022.10.05"]
[SourceVersion "1"]
[SourceVersionDate "2022.10.05"]
[SourceQuality "1"]

1. d4 d5 2. Nf3 Nf6 3. Bg5 Bf5 4. e3 Nbd7 5. c4 c6 6. Nc3 e6 7. cxd5 exd5 8. Bd3 Bxd3 9. Qxd3 Qb6 10. 0-0 h6 11. Bf4 Bb4 12. Rab1 Nh5 13. Ne5 Nxf4 14. exf4 Nf6 15. a3 Bd6 16. Rfe1 0-0 17. b4 Rfe8 18. h3 Re7 19. Ne2 Rae8 20. Ng3 g6 21. Re3 Kg7 22. Rbe1 a5 23. bxa5 Qxa5 24. h4 Bxe5 25. fxe5 Nd7 26. h5 Nf8 27. f4 Ne6 28. f5 gxf5 29. Nxf5+ Kf8 30. Nxe7 Kxe7 31. Qf5 Ng5 32. Qf6+ Kd7 33. Qxh6 Nf3+ 34. gxf3 Rg8+ 35. Kf2 Qd2+ 36. R1e2 Qc1 37. Re1 Qd2+ 38. R1e2 Qc1 39. Qd6+ Kc8 1/2-1/2